Lógica y lingüística
保存先:
| 主要な著者: | , , |
|---|---|
| フォーマット: | 図書 |
| 言語: | スペイン語 |
| 出版事項: |
Buenos Aires
Nueva Visión
1978
|
| シリーズ: | Semiótica y Epistemología
|
| 主題: | |
| タグ: |
タグ追加
タグなし, このレコードへの初めてのタグを付けませんか!
|
MARC
| LEADER | 00000nam a2200000 a 4500 | ||
|---|---|---|---|
| 001 | UCQ6014 | ||
| 003 | CL-VaPUC | ||
| 008 | 981009e19780000AG |||||||||||||||||spa|d | ||
| 082 | 0 | 4 | |a 410 |b COU |2 21 |
| 100 | 0 | |a Coumet, E |e author |9 419954 | |
| 700 | 0 | |a Ducrot, Oswald |e author |9 419955 | |
| 700 | 0 | |a Gattegno, J |e author |9 419956 | |
| 245 | 1 | 0 | |a Lógica y lingüística |
| 300 | |a 139 p | ||
| 942 | |c BK | ||
| 945 | |d 19981009 00:00:00 |a cmena | ||
| 260 | |a Buenos Aires |b Nueva Visión |c 1978 | ||
| 650 | 0 | |a Lógica |9 256849 | |
| 650 | 0 | |a Análisis lingüístico |9 314711 | |
| 650 | 7 | |a TEORIA LINGUISTICA |2 CL-VaPUC |9 334835 | |
| 650 | 0 | |a Lingüística |9 265068 | |
| 583 | |a last modification |c 19981009 00:00:00 |k Rodrigo Vera | ||
| 490 | 0 | |a Semiótica y Epistemología | |
| 999 | |c 276018 |d 276016 | ||
| 952 | |0 0 |1 0 |4 0 |6 410_000000000000000_COU_1978 |7 0 |8 A |9 313118 |a FDOPOS |b FDOPOS |d 2019-11-20 |i 1464884 |o 410 COU 1978 |p 1464884 |r 2025-01-22 |w 2019-11-20 |y BK |k MLA | ||
| 952 | |0 0 |1 0 |4 0 |6 410_000000000000000_COU_1978 |7 0 |8 A |9 313119 |a FDOPOS |b FDOPOS |d 2019-11-20 |i 4269586 |o 410 COU 1978 |p 4269586 |r 2025-01-22 |w 2019-11-20 |y BK |k MLA | ||